000 00774nam a2200253Ia 4500
003 OSt
005 20220926012340.0
006 a|||||r|||| 00| 0
007 ta
008 220923b |||||||| |||| 00| 0 eng d
020 _a052160267X
_c995.00
037 _b1317, 22/07/2006, The Bookseller
_cGeneral Book
040 _aRTL
_cRTL
_beng
041 _2eng
_aeng
082 _aX:89P:(B), P5
100 _aRaa Thijs Ten
_9282661
245 0 _aEconomics of input-output analysis
260 _aNew York
_bCambridge University Press USA
_c2005
300 _axii,197p
_ccm.
500 _aBibliography Chapterwise
650 _aCommerce
942 _hX:89P:(B), P5
_cGB
_2CC
999 _c622624
_d622624